| 000 | 00607nam a2200241Ia 4500 | ||
|---|---|---|---|
| 003 | OSt | ||
| 005 | 20220918174939.0 | ||
| 006 | a|||||r|||| 00| 0 | ||
| 007 | ta | ||
| 008 | 220917b |||||||| |||| 00| 0 eng d | ||
| 024 | _a14,882 | ||
| 037 | _cTextual | ||
| 040 |
_aARTS _cARTS _beng |
||
| 041 |
_2eng _aeng |
||
| 082 | _aNB42,66, E2 | ||
| 100 |
_aTaylor Basil _952302 |
||
| 245 | 0 | _aJapanes gardens | |
| 260 |
_aLondon _bLondon Methuen _c1912 |
||
| 300 |
_axiv,298p. illus _ccm. |
||
| 650 | _aARTS | ||
| 942 |
_hNB42,66, E2 _cTEXL _2CC |
||
| 999 |
_c155344 _d155344 |
||